[Event "AUT-ch Open 2020"]
[Site "Graz"]
[Date "2020.02.18"]
[Round "5.32"]
[White "Secheres, Adrian-Simion"]
[Black "Tisaj, Domen"]
[Result "1-0"]
[WhiteElo "2245"]
[BlackElo "2245"]
[Annotator "TA"]
[PlyCount "101"]
[EventDate "2020.02.14"]
[EventType "swiss"]
[EventCountry "AUT"]
[SourceTitle "playchess.com"]
[Source "ChessBase"]
[SourceQuality "1"]

{[%evp 14,101,46,14,12,12,12,8,25,22,35,20,31,32,42,29,72,53,43,44,48,35,50,55,55,0,78,68,109,47,110,114,112,109,123,108,121,115,121,115,111,114,131,115,130,143,133,125,135,115,118,110,111,102,106,108,101,70,135,135,160,85,104,70,135,70,154,115,125,85,85,85,143,85,110,116,178,179,321,323,975,1017,995,966,868,765,5189,4845,1521,1113]} 1. d4 Nf6 2. c4 e6 3. Nf3 d5 4. Nc3 Be7 5. Bf4 O-O 6. e3 c6 7. Bd3 Nbd7 8. c5 (8. cxd5 {is interesting.} exd5 9. h3 b6 10. O-O Bb7 11. Qc2) 8... Nh5 {D37: Queen's Gambit Declined: 5 Bf4.} 9. O-O Nxf4 10. exf4 Bf6 {The position is equal.} 11. b4 g6 12. Qc2 {[#]} Qc7 $146 ({Predecessor:} 12... Bg7 13. Rfe1 a5 14. b5 Qc7 15. g3 b6 16. bxc6 Nb8 17. cxb6 Qxb6 18. Rac1 Qxc6 19. Nxd5 exd5 20. Qxc6 Nxc6 21. Rxc6 {1-0 (38) Cyborowski,L (2564)-Faibisovich,V (2431) Krakow 2003}) 13. g3 Bg7 14. h4 Nf6 15. Rae1 Nh5 16. Re3 Bd7 17. Rfe1 f6 18. Bf1 Rae8 19. Bh3 (19. a3 $14) 19... Qc8 (19... e5 $1 $11 {remains equal.} 20. Bxd7 Qxd7) 20. Qe2 $36 {[%cal Rh3e6][%mdl 2048] White has good play.} Kf7 21. Bg4 (21. b5 $16) 21... e5 (21... Nxf4 $1 $14 22. gxf4 Bh6) 22. Bxd7 $1 $16 Qxd7 23. fxe5 Kg8 24. exf6 Nxf6 25. Ne5 Qh3 {And now ...Rxe5! would win.} 26. Qf1 Qc8 27. Qd3 Nd7 28. Nxd7 Qxd7 29. Rxe8 Rxe8 30. Rxe8+ Qxe8 31. Ne2 a6 32. f3 Qe6 33. Kg2 Bh6 34. f4 Bg7 35. Ng1 Qe1 {[#]} (35... Bf6 $14) 36. Nf3 $1 {[%cal Rf3e1]} Qe6 37. Kf2 (37. a4 $142) 37... Bf6 38. Qe2 Qd7 (38... Qf5 $14) 39. a3 ({Better is} 39. Kg2 $16) 39... Qf7 (39... Qf5 $1 $14) 40. Qe3 Qd7 41. Qd3 Qh3 42. a4 Qd7 (42... Kh8 $142) 43. Qe2 ({White should play} 43. Kg2) 43... Kg7 44. Kg2 Kg8 (44... Qf5 $16 45. Qd1 Qe4) 45. Ne5 $18 Qf5 {[#]} (45... Qe8 {is a better defense.} 46. Qg4 h5) 46. Ng4 $1 {[%cal Rg4h6] Black must now prevent Nh6+.} Kf8 $2 (46... Bg7 47. Qe8+ Qf8 48. Qe6+ Qf7 49. Qc8+ Qf8 50. Qxb7 Qf5) 47. Nxf6 {White is clearly winning.} Qxf6 48. Qe5 Qf7 49. Kf3 h5 {[#]} 50. f5 $1 {[%mdl 512]} Kg8 (50... Qxf5+ 51. Qxf5+) 51. Kf4 {Accuracy: White = 79%, Black = 50%.} 1-0

[Event "AUT-ch Open 2020"]
[Site "Graz"]
[Date "2020.02.18"]
[Round "5.33"]
[White "Freitag, Manfred"]
[Black "Steindl, Johannes"]
[Result "0-1"]
[WhiteElo "2378"]
[BlackElo "2273"]
[Annotator "TA"]
[PlyCount "64"]
[EventDate "2020.02.14"]
[EventType "swiss"]
[EventCountry "AUT"]
[SourceTitle "playchess.com"]
[Source "ChessBase"]
[SourceQuality "1"]

{[%evp 9,74,28,40,3,0,0,33,31,29,43,34,0,0,0,0,0,0,0,9,0,0,-22,-19,-19,-22,-13,-37,-10,-14,-10,0,0,0,-40,-14,-63,-63,-250,-228,-261,-262,-583,-570,-656,-656,-652,-638,-605,-597,-900,-900,-899,-899,-899,-899,-852,-612,-1060,-1060,-1009,-1001,-981,-964,-1060,-1043,-1433,-1380]} 1. e4 c5 2. Nf3 d6 3. d4 cxd4 4. Nxd4 Nf6 5. Nc3 a6 6. h4 {B90: Sicilian Najdorf: Unusual White 6th moves, 6 Be3 Ng4 and 6 Be3 e5.} Nc6 7. Be2 {7.Be3 is the modern continuation.} e6 8. Be3 {White is slightly better.} Be7 9. g4 {[#]} d5 $146 ({Predecessor:} 9... Qa5 10. Nb3 Qc7 11. g5 Nd7 12. f4 Nc5 13. Qd2 Bd7 14. O-O-O O-O-O 15. Kb1 Kb8 16. Bf3 Na5 {½-½ (28) Norri,R (1907)-Heino,J (2114) Naantali 2018}) 10. exd5 Nxd5 11. Nxd5 Qxd5 12. Bf3 Qa5+ 13. c3 Ne5 14. Bg2 Nc4 15. Qe2 (15. Qb3 {is interesting.} Nxe3 16. fxe3 Qe5 17. O-O-O Qxe3+ 18. Kb1) 15... Nxe3 16. Qxe3 O-O 17. g5 e5 18. Nf3 Re8 19. O-O Bc5 20. Qe4 Qc7 21. Rae1 {[%cal Rf3e5]} Bd7 $36 {[%mdl 2048] Black is pushing.} 22. Nxe5 Bc6 $1 {[%cal Rc6e4]} 23. Qf5 $2 (23. Qe2 $1 $15) 23... g6 $19 24. Qf6 {[#] Strongly threatening Ng4.} Re6 25. Qxe6 $2 (25. Qxf7+ Qxf7 26. Nxf7 Kxf7 27. Rxe6 Kxe6 28. Re1+ Kf5 29. a3) 25... fxe6 {Black is clearly winning.} 26. Nxc6 bxc6 27. Rxe6 Rf8 28. Rxc6 Qe5 29. b4 Bd6 {[%csl Gd6][%cal Re5h2]} 30. Rd1 Qh2+ {[%mdl 64] [#] Double Attack} 31. Kf1 Qxh4 {[%csl Gf8][%cal Rh4f2]} 32. Rd2 Be5 {Played: Bd6-f4} 0-1

[Event "AUT-ch Open 2020"]
[Site "Graz"]
[Date "2020.02.18"]
[Round "5.34"]
[White "Golecki, Jan"]
[Black "Barp, Alberto"]
[Result "0-1"]
[WhiteElo "2112"]
[BlackElo "2112"]
[Annotator "TA"]
[PlyCount "88"]
[EventDate "2020.02.14"]
[EventType "swiss"]
[EventCountry "AUT"]
[SourceTitle "playchess.com"]
[Source "ChessBase"]
[SourceQuality "1"]

{[%evp 11,108,0,9,9,18,4,10,-10,46,-15,39,4,4,12,16,13,2,16,16,-3,0,0,0,-6,0,-7,-3,0,-2,-6,-6,-15,-11,-27,-23,-38,-14,-22,-1,-4,0,0,0,-4,0,-24,0,-7,-15,-43,-43,-43,-43,-43,-43,-43,-43,-43,-43,-43,-35,-36,-29,-56,-53,-60,-47,-93,-93,-100,-46,-37,-8,-8,-8,-1011,-1050,-925,-489,-452,-411,-29964,-29950,-29970,-29965,-29978,-29979,-29979,-29980,-29980,-29982,-29984,-29985,-29985,-29986,-29986,-29987,-29987,-29988]} 1. e4 e5 2. Nf3 Nc6 3. Bb5 a6 4. Bxc6 dxc6 5. O-O Bg4 6. d3 f6 7. Be3 {C69: Ruy Lopez: Exchange Variation with 5 0-0 f6.} Bd6 8. Nbd2 Ne7 9. c4 {[#] And now c5 would win.The position is equal.} Ng6 $146 (9... c5 $11) ({Predecessor:} 9... c5 10. b4 b6 11. bxc5 Bxc5 12. Bxc5 bxc5 13. Qa4+ Kf7 14. Qa3 Qd6 15. h3 Bh5 {0-1 (36) Gonzalez Rivera,E (2020)-Quevedo Marin,M (2245) Madrid 2017}) 10. Qb3 ({White should play} 10. c5 $14 Be7 11. Qb3) 10... Qc8 ({Better is} 10... b6 $11) 11. d4 (11. c5 $5 {[%cal Rc5d6]} Be7 12. Rfc1 $11) 11... exd4 12. Nxd4 c5 13. Nf5 $1 O-O 14. Nxd6 cxd6 15. Qb6 Rd8 16. Rac1 Ne5 17. f3 Be6 18. Rc3 Qc6 19. Qxc6 Nxc6 20. Rd1 b5 21. Bf4 Kf7 22. Kf2 Ke7 23. b3 Rd7 24. g4 Rad8 25. h4 Nb4 26. a3 Nc6 27. g5 Ne5 28. Rg1 bxc4 (28... Rb8 {is interesting.} 29. Be3 bxc4 30. bxc4 Rb2 31. Kg3 Nc6) 29. gxf6+ gxf6 30. Rg7+ Ke8 31. Rxd7 Kxd7 32. Bxe5 fxe5 33. Nxc4 $15 {[%mdl 4096] Endgame KRB-KRN} Rb8 34. Nd2 a5 35. a4 Rb4 36. Ke3 $1 Kc6 37. Kd3 d5 38. exd5+ $1 Bxd5 39. Nc4 Bxc4+ $1 40. bxc4 Rxa4 $17 {KR-KR} (40... Kd6 $1 $17 41. Rc1 Rxa4) 41. Ke4 $15 Ra1 {Strongly threatening ...a4.} 42. Kxe5 a4 {White must now prevent ...a3.} 43. Kf6 $2 {[%mdl 8192] [#]} (43. f4 $11) 43... Kb6 $1 $19 {[%cal Rb6a5]} 44. f4 Ka5 {Played: Ra1-f1} 0-1

[Event "AUT-ch Open 2020"]
[Site "Graz"]
[Date "2020.02.18"]
[Round "5.35"]
[White "Szotkowski, Jakub"]
[Black "Skurniak, Szymon"]
[Result "1-0"]
[WhiteElo "1942"]
[BlackElo "1942"]
[Annotator "TA"]
[PlyCount "41"]
[EventDate "2020.02.14"]
[EventType "swiss"]
[EventCountry "AUT"]
[SourceTitle "playchess.com"]
[Source "ChessBase"]
[SourceQuality "1"]

{[%evp 15,57,-6,0,-14,0,-20,-13,-16,-17,-29,25,33,72,62,62,62,62,62,63,66,73,72,137,111,537,529,796,733,782,755,701,701,808,658,1320,660,649,643,660,624,607,600,583,571]} 1. Nf3 g6 2. c4 Bg7 3. Nc3 c5 4. g3 Nc6 5. Bg2 e6 6. O-O Nge7 7. d3 O-O 8. e4 d5 9. Bg5 {A36: Symmetrical English vs ...g6: 4 Bg2 Bg7.} f6 10. Bd2 d4 {[#]} 11. Na4 $146 {The position is equal.} ({Predecessor:} 11. Ne2 e5 12. Ne1 Be6 13. Nc2 Qd6 14. Rb1 a6 15. b4 b5 16. bxc5 Qxc5 17. cxb5 axb5 {1-0 (40) Boerger,A (1825)-Rothkegel,J (1919) Muensterland 2003}) 11... b6 12. e5 f5 (12... fxe5 $142 13. Ng5 Bd7) 13. a3 $11 Qd7 14. b4 cxb4 15. axb4 {Nxb6! is the strong threat.} Bb7 16. Re1 Nd8 17. b5 Nf7 18. c5 (18. h4 {feels hotter.} Rfe8 19. Rb1 Red8 20. Ng5 Nxg5 21. hxg5 Bxg2 22. Kxg2 Qb7+ 23. Qf3) 18... Bxf3 (18... Qxb5 $142 19. Nxd4 {[%mdl 64] Double Attack} Qd7 20. Bxb7 Qxb7) 19. Bxf3 Nxe5 $2 {[%mdl 8192]} (19... Nd5 $16) 20. Bxa8 $18 {White is clearly winning.} Rxa8 {[#]} 21. Nxb6 {Played: Re1xe5} 1-0

[Event "AUT-ch Open 2020"]
[Site "Graz"]
[Date "2020.02.18"]
[Round "5.36"]
[White "Eizaguerri Floris, Maria"]
[Black "Stanec, Nikolaus"]
[Result "0-1"]
[WhiteElo "2520"]
[BlackElo "2520"]
[Annotator "TA"]
[PlyCount "72"]
[EventDate "2020.02.14"]
[EventType "swiss"]
[EventCountry "AUT"]
[SourceTitle "playchess.com"]
[Source "ChessBase"]
[SourceQuality "1"]

{[%evp 9,72,56,49,18,20,-47,-28,-26,-11,-26,-25,-43,-50,-55,-61,-97,-94,-84,-76,-79,-97,-139,-116,-74,-83,-89,-62,-70,-36,-145,-73,-85,-70,-75,-71,-95,-110,-233,-216,-246,-176,-283,-277,-387,-383,-444,-434,-472,-475,-470,-459,-542,-502,-492,-472,-850,-842,-837,-837,-956,-956,-950,-949,-840,-837]} 1. e4 g6 2. d4 d6 3. Nc3 Bg7 4. Bg5 c6 5. Qd2 Nd7 6. O-O-O {B06: Modern Defence.} b5 {[%cal Bb7b5,Bb5b4][%mdl 32]} 7. f4 (7. Nf3 $11) 7... b4 $15 {[#]} 8. Nb1 $146 {Black has an edge.} ({Predecessor:} 8. Nce2 Ngf6 9. Ng3 h6 10. Bxf6 Nxf6 11. Bd3 Qb6 12. Nf3 Bg4 13. Qe3 e5 14. Bc4 {1-0 (27) Balogh,C (2449)-Czebe,A (2499) Budapest 2003}) 8... Ngf6 9. Bd3 Qb6 10. e5 Nd5 11. Nf3 O-O $36 {[%mdl 2048] Black has some pressure.} 12. Bc4 f6 13. exf6 exf6 14. Bh4 a5 15. Rhe1 Ba6 16. Bxd5+ cxd5 17. Re7 Rf7 18. Rde1 Nf8 19. R1e3 (19. Rxf7 $15 Kxf7 20. f5 (20. Qe3 Kg8 $17)) 19... Qc6 ({Black should play} 19... Bc8 20. Qe2 Rxe7 21. Rxe7 Bf5) 20. a3 $17 Rxe7 21. Rxe7 Rb8 22. Be1 {[%cal Ra3b4]} Bc8 23. Re3 (23. Nh4 $17 {is a better defense.}) 23... Bf5 $19 24. Bf2 Ne6 25. g3 (25. axb4 $142 Qb6 26. Rb3 axb4 27. Ne1) 25... Be4 26. Ne1 f5 ({Not} 26... bxa3 27. Rxa3 f5 28. Nc3 $15) 27. Rb3 {[%cal Ra3b4]} Qc4 {Black is clearly winning.} 28. axb4 axb4 29. Na3 Qf1 30. c3 Bxd4 31. Bxd4 Nxd4 32. cxd4 (32. Qxd4 $142 Qxe1+ 33. Qd1 Qe3+ 34. Qd2 Qg1+ 35. Qd1 Qxh2 36. cxb4) 32... Rc8+ 33. Kd1 bxa3 34. Rxa3 Bc2+ 35. Kc1 {[#]} Bb3+ $1 36. Kb1 Re8 {Accuracy: White = 40%, Black = 83%.} 0-1

[Event "AUT-ch Open 2020"]
[Site "Graz"]
[Date "2020.02.18"]
[Round "6.1"]
[White "Gajek, Radoslaw"]
[Black "Livaic, Leon"]
[Result "0-1"]
[WhiteElo "2438"]
[BlackElo "2492"]
[Annotator "TA"]
[PlyCount "53"]
[EventDate "2020.02.14"]
[EventType "swiss"]
[EventCountry "AUT"]
[SourceTitle "playchess.com"]
[Source "ChessBase"]
[SourceQuality "1"]

{[%evp 15,53,0,7,0,0,0,22,13,11,-18,20,12,27,0,0,0,6,-30,-33,-82,-89,-140,-150,-147,-148,-177,-111,-117,-106,-358,-366,-365,-335,-417,-418,-660,-659,-724,-608,-657]} 1. e4 e6 2. d4 d5 3. Nc3 Bb4 4. a3 Bxc3+ 5. bxc3 dxe4 6. Qg4 Nf6 7. Qxg7 Rg8 8. Qh6 c5 9. dxc5 {C15: French: 3 Nc3 Bb4: Unusual White 4th moves.} Nbd7 10. Ne2 Qa5 11. a4 {[%cal Ba3a4,Ba4a5][%mdl 32] The position is equal.} Qxc5 {[#]} 12. Qe3 $146 ({Predecessor:} 12. Qd2 Nb6 13. a5 Nbd5 14. c4 Ne7 15. Ba3 Qe5 16. Qc3 Qxc3+ 17. Nxc3 a6 18. g3 {0-1 (37) Andreikin,D (2705)-Vitiugov,N (2726) Saratov 2011}) 12... b6 13. a5 Bb7 14. Qxc5 bxc5 15. Ng3 Ke7 16. Ba3 h5 17. Ne2 h4 $36 {[%mdl 2048] Black is in control.} 18. Nd4 {[#]} (18. Nf4 $142) 18... e3 $1 $17 {[%mdl 512] Hoping for ...h3.} 19. f3 {[#]} (19. fxe3 h3) 19... h3 $1 {[%cal Rh3g2][%mdl 512]} 20. gxh3 {[#]} Kd8 (20... Ke8 $1 $19 21. Rb1 Bd5) 21. a6 Bd5 22. c4 $2 {[%mdl 8192]} (22. Ne2 $17) 22... cxd4 $19 23. cxd5 Nxd5 24. Bb2 e5 25. Bc4 (25. Ra5 $142 Nf4 26. Kd1) 25... Nb4 26. Kf1 Rc8 27. Bxf7 {Accuracy: White = 42%, Black = 90%.} 0-1

[Event "AUT-ch Open 2020"]
[Site "Graz"]
[Date "2020.02.18"]
[Round "6.1"]
[White "Ragger, Anna-Christina"]
[Black "Schnider, Gert"]
[Result "0-1"]
[WhiteElo "2205"]
[BlackElo "2429"]
[Annotator "TA"]
[PlyCount "64"]
[EventDate "2020.02.14"]
[EventType "swiss"]
[EventCountry "AUT"]
[SourceTitle "playchess.com"]
[Source "ChessBase"]
[SourceQuality "1"]

{[%evp 9,72,0,23,6,22,-8,24,20,40,38,50,27,72,46,50,25,57,8,10,0,2,-35,-12,-34,-55,-33,-38,-349,-36,-48,0,-50,-47,-191,-192,-299,-285,-294,-298,-388,-395,-388,-394,-535,-534,-779,-750,-781,-729,-745,-731,-766,-754,-794,-774,-856,-842,-1382,-1383,-1308,-1306,-1263,-1261,-1427,-1402]} 1. d4 Nf6 2. Bf4 c5 3. e3 Qb6 4. Nc3 a6 5. Qd2 d6 {[#]} 6. O-O-O $146 {A45: Trompowsky Attack.} ({Predecessor:} 6. dxc5 Qxc5 7. Bd3 g6 8. Nf3 Bg7 9. O-O O-O 10. e4 Nbd7 11. Rfe1 b5 12. a3 {0-1 (29) Hailparn,M (1920)-Bellegotti,G (2269) ICCF email 2014}) 6... Nbd7 7. Be2 cxd4 8. exd4 {White has an edge.} e6 9. g4 h6 10. h4 d5 11. Bf3 Qc6 $1 12. Qd3 Nb6 13. Nh3 Bd7 14. g5 Ng8 15. Qe2 O-O-O 16. Qe5 {[%csl Gf4][%cal Re5b8] [#]} Be8 17. Rd3 Nc4 18. Qb8+ Kd7 19. Qa7 {Hoping for Nxd5!} Bd6 20. Bxd6 Kxd6 21. Nd1 {[#]} ({White should try} 21. Re1 $15) 21... b6 $1 $19 {Strongly threatening ...Ra8.} 22. g6 (22. b3 {might work better.} Ra8 23. Qxa8 Qxa8 24. bxc4) 22... Ne7 {aiming for ...Ra8.} 23. gxf7 Bxf7 ({Not} 23... Ra8 24. Qxa8 Qxa8 25. fxe8=B $17) 24. b3 Ra8 ({Avoid the trap} 24... Na3 $2 25. Rc3 $18) 25. Qxa8 Rxa8 ({Less strong is} 25... Qxa8 26. bxc4 Qc8 27. cxd5 $19) 26. bxc4 Qxc4 {Black is clearly winning.} 27. Ne3 Qxa2 28. Rb3 Qa1+ 29. Rb1 Qxd4 30. h5 b5 31. Rg1 Qf6 32. Bd1 e5 {Played: Ra8-c8} 0-1

[Event "AUT-ch Open 2020"]
[Site "Graz"]
[Date "2020.02.18"]
[Round "6.2"]
[White "Meshkovs, Nikita"]
[Black "Shevchenko, Kirill"]
[Result "1/2-1/2"]
[WhiteElo "2566"]
[BlackElo "2580"]
[Annotator "TA"]
[PlyCount "100"]
[EventDate "2020.02.14"]
[EventType "swiss"]
[EventCountry "AUT"]
[SourceTitle "playchess.com"]
[Source "ChessBase"]
[SourceQuality "1"]

{[%evp 11,100,39,32,12,20,25,24,10,22,21,11,16,19,-43,-50,-51,-41,-45,-39,-41,-29,-27,0,-37,0,-24,-16,-57,-57,-64,-70,-59,-77,-80,-78,-72,-77,-215,-219,-229,-220,-216,-216,-267,-263,-247,-230,-229,-131,-131,-131,-115,-63,-70,-70,-78,-31,-26,-39,-273,-141,-130,-129,-118,0,-127,0,-132,-116,-84,-18,-12,0,0,0,-33,-28,-25,-33,-33,-25,-26,-35,-29,-11,-11,-11,-11,-8,-11,-15]} 1. Nf3 Nf6 2. c4 g6 3. Nc3 d5 4. cxd5 Nxd5 5. Qb3 Nb6 6. d4 Bg7 7. Bf4 {D90: Grünfeld: 4 Nf3 Bg7 sidelines.} (7. Bg5 {looks sharper.} Be6 8. Qc2 Nc6 9. Rd1 f5 10. e3) 7... Be6 8. Qa3 O-O 9. e3 {White has an edge.} c6 10. Be2 Nc4 {[#]} 11. Qb4 $146 ({Predecessor:} 11. Bxc4 Bxc4 12. Qb4 Ba6 13. O-O-O Nd7 14. h4 Nf6 15. e4 Ng4 16. Rd2 h5 17. Rhd1 {1-0 (41) Rodshtein,M (2660)-Rombaldoni,A (2488) Jerusalem 2015}) 11... b5 12. Bxc4 (12. Ng5 $11 Na6 13. Nxe6 Nxb4 14. Nxd8) 12... Bxc4 $15 13. Bxb8 Rxb8 14. Qc5 $1 Qd6 15. Ne4 Qe6 16. Ned2 Qd6 {And now ...Qxc5 would win.} 17. Ne4 Qe6 18. Ned2 a5 19. b3 Bd3 20. Qc3 Qf5 {aiming for ...b4.} 21. Nh4 b4 22. Nxf5 bxc3 23. Nxe7+ {[%mdl 64] Double Attack} Kh8 24. Nf3 {[#]} (24. Nxc6 $17 {keeps fighting.} Rbc8 25. Nxa5 cxd2+ 26. Kxd2) 24... a4 $1 $19 {[%mdl 512]} 25. Nxc6 (25. bxa4 Rb2) 25... axb3 26. axb3 Rxb3 27. Nfe5 Bxe5 28. Nxe5 {[#]} Bb5 $1 29. d5 Kg7 (29... Rb2 $19 {White must now prevent ...Kg7.} 30. g4 Re2+ 31. Kd1 Rxf2) 30. Nc6 Ra8 {[%cal Ra8a1][%mdl 1024] Black has strong compensation.} 31. Rc1 Rba3 (31... Bc4 $17 32. Nd4 Rb2) 32. f3 $1 $15 Ra2 $1 {[%cal Ra2e2] ( -> ...Re2+)} 33. Nd4 Bc4 {...Kf8 is the strong threat.} 34. Rg1 Bxd5 35. Rf1 $2 ({White should play} 35. Rxc3 $15 Rb8 36. Ne2) 35... Rxg2 ({Better is} 35... Rb8 $19 {Strongly threatening ...Rbb2.} 36. Rf2 Rbb2) 36. Rf2 $17 Rg1+ 37. Rf1 Rg2 38. Rf2 Rg1+ 39. Rf1 Rxf1+ 40. Kxf1 {[%mdl 4096] Endgame [#] KRB-KRN} Ra3 (40... Rc8 $1 $17) 41. Kf2 $11 Bc4 42. Nc2 $1 {[%cal Rc2a3]} Ra2 43. Kg1 Be6 44. Nd4 Bh3 45. Rxc3 Rg2+ 46. Kh1 Rf2 {[%cal Rf2f1]} 47. Rc1 g5 48. Rg1 {The position is equal.} Kf6 49. Rg3 Bc8 50. Rg2 Rf1+ {Accuracy: White = 77%, Black = 80%.} 1/2-1/2

[Event "AUT-ch Open 2020"]
[Site "Graz"]
[Date "2020.02.18"]
[Round "6.2"]
[White "Handler, Lukas"]
[Black "Ohanyan, Emin"]
[Result "1/2-1/2"]
[WhiteElo "2422"]
[BlackElo "2209"]
[Annotator "TA"]
[PlyCount "66"]
[EventDate "2020.02.14"]
[EventType "swiss"]
[EventCountry "AUT"]
[SourceTitle "playchess.com"]
[Source "ChessBase"]
[SourceQuality "1"]

{[%evp 9,66,42,28,11,24,7,24,7,19,0,0,0,0,0,0,0,0,0,0,0,0,-14,-11,-9,0,-23,-12,-23,-24,-32,-28,-36,-26,-25,0,0,0,0,0,0,0,0,0,-4,-4,-14,0,0,0,0,0,0,0,0,0,0,0,0,0]} 1. d4 e6 2. c4 b6 3. e4 Bb4+ 4. Bd2 Bxd2+ 5. Qxd2 d5 6. cxd5 {C01: French: Exchange Variation.} exd5 7. Bd3 dxe4 8. Bxe4 {White has an edge.} c6 9. Nc3 Nf6 {[#]} 10. Bf3 $146 ({Predecessor:} 10. Bc2 O-O 11. Nge2 Na6 12. Rd1 Nb4 13. Bb1 Nbd5 14. O-O Re8 15. Ng3 Be6 16. Rfe1 {0-1 (47) L'Ami,A (2286)-Gueci,T (2161) Heraklion 2017}) 10... O-O 11. Nge2 Bg4 12. Bxg4 Nxg4 13. O-O Nf6 14. Rac1 Na6 {[%cal Bb8a6,Ba6c7,Bc7d5,Bd5c3][%mdl 32]} 15. a3 Qd7 16. Qc2 Rfe8 17. Rfd1 Nc7 18. b4 Ncd5 19. h3 h6 20. Qd3 Nxc3 21. Nxc3 Nd5 22. Nxd5 {The position is equal.} cxd5 23. Rc3 Rac8 24. Rdc1 g6 25. Qg3 Rxc3 26. Qxc3 $11 {[%mdl 4096] Endgame KQR-KQR} Kg7 27. Qc7 Re1+ 28. Kh2 Qe6 29. Rxe1 Qxe1 30. Qxa7 Qxf2 31. Qxb6 {[#] Hoping for Qc7.} Qf4+ 32. Kg1 Qe3+ 33. Kh2 {Black must now prevent Qd6.} Qf4+ {Accuracy: White = 100%, Black = 96%.} 1/2-1/2

[Event "AUT-ch Open 2020"]
[Site "Graz"]
[Date "2020.02.18"]
[Round "6.3"]
[White "David, Alexandru-Vasile"]
[Black "Socko, Bartosz"]
[Result "0-1"]
[WhiteElo "2436"]
[BlackElo "2619"]
[Annotator "TA"]
[PlyCount "90"]
[EventDate "2020.02.14"]
[EventType "swiss"]
[EventCountry "AUT"]
[SourceTitle "playchess.com"]
[Source "ChessBase"]
[SourceQuality "1"]

{[%evp 25,90,11,54,8,13,22,31,15,42,20,21,26,32,0,0,-12,41,21,21,21,21,-21,-13,-23,83,45,45,45,45,16,31,37,27,0,101,112,179,102,220,-242,-239,-235,-212,-237,-255,-370,-355,-349,-364,-491,-493,-965,-959,-892,-836,-29978,-29979,-29979,-29980,-29981,-29981,-29981,-29982,-29981,-29982,-29980,-29980]} 1. Nf3 Nf6 2. c4 e6 3. Nc3 Bb4 4. Qc2 O-O 5. a3 Bxc3 6. Qxc3 b6 7. b4 Bb7 8. e3 d6 9. Be2 Nbd7 10. Bb2 c5 11. O-O Rc8 12. d4 Ne4 13. Qb3 Qe7 14. Rad1 {A17: English Opening: 1...Nf6 with ...Bb4.} Rfd8 15. Ba1 {[#]} Nf8 $146 ({Predecessor:} 15... Ng5 16. d5 exd5 17. cxd5 Nxf3+ 18. gxf3 f6 19. Kh1 Ne5 20. Rg1 Qf7 21. e4 Ng6 {1-0 (75) Erdos,V (2589)-Berczes,C (2397) Zalakaros 2010}) 16. Qb2 {White is slightly better.} f5 17. Rfe1 Ng6 18. Bf1 Rd7 19. bxc5 bxc5 20. d5 e5 ({Better is} 20... h6 $11) 21. Nd2 Nxd2 22. Qxd2 e4 23. f4 exf3 24. gxf3 Ne5 (24... Qg5+ $11 {remains equal.} 25. Kh1 Re7) 25. Qg2 Re8 26. f4 Ng6 $1 27. Bc3 Ba6 28. Bd3 Rb7 29. Kh1 Nh4 (29... Qh4 $11) 30. Qc2 $1 $16 Reb8 {[#]} (30... Rf8 $16 {was called for.}) 31. Re2 (31. e4 $1 $18) 31... Rb3 (31... Qf7 $16) 32. Rg1 $4 {[%mdl 8192] [#]} (32. e4 $18 {was the only winning move.}) 32... Bxc4 $1 $19 {[%mdl 512]} 33. e4 (33. Bxc4 Rxc3) 33... Bxd3 34. Qxd3 Qf7 35. Re3 (35. Qh3 {is a better defense.} Ng6 36. Reg2) 35... fxe4 36. Rxe4 Nf5 37. Re6 Nd4 38. Qe4 (38. Rge1 $142) 38... Rxc3 39. Re7 Qf6 40. Rexg7+ Qxg7 {Black mates.} 41. Rxg7+ Kxg7 42. Qe7+ Kg8 43. Qg5+ Kf7 44. Qh5+ Kf8 45. Qh6+ Ke8 {Accuracy: White = 44%, Black = 69%.} 0-1

[Event "AUT-ch Open 2020"]
[Site "Graz"]
[Date "2020.02.18"]
[Round "6.3"]
[White "Hoefelsauer, Thomas"]
[Black "Nikolic, Vladan"]
[Result "1-0"]
[WhiteElo "2390"]
[BlackElo "2203"]
[Annotator "TA"]
[PlyCount "87"]
[EventDate "2020.02.14"]
[EventType "swiss"]
[EventCountry "AUT"]
[SourceTitle "playchess.com"]
[Source "ChessBase"]
[SourceQuality "1"]

{[%evp 17,87,4,10,0,0,0,0,0,0,0,0,-7,0,0,20,0,0,0,0,0,18,7,79,-18,-22,-16,154,149,159,155,160,146,200,176,175,175,175,175,194,137,168,175,189,176,182,180,237,239,247,208,232,231,231,197,223,229,220,199,220,207,368,363,333,281,294,278,282,267,266,252,481,481]} 1. Nf3 Nf6 2. c4 e6 3. g3 d5 4. b3 Be7 5. Bg2 O-O 6. O-O b6 7. Bb2 c5 8. e3 Ba6 9. Qe2 Nc6 10. Nc3 {A14: English Opening: 1...e6 with b3 by White.} Rc8 11. Rfd1 Qc7 12. Nb5 {The position is equal.} Qb8 13. Rac1 Rfd8 14. d4 cxd4 15. exd4 Bb7 16. Bh3 {[#] next Ng5 is good for White.} Bf8 $146 ({Predecessor:} 16... Re8 17. Ne5 Bf8 18. Bg2 Red8 19. Ng4 Nxg4 20. Qxg4 dxc4 21. d5 Ne5 22. Bxe5 Qxe5 {1-0 (33) Grandelius,N (2571)-Ali,S (2387) Tromsoe 2014}) 17. Ne5 Nxe5 18. dxe5 Ne4 19. Bg2 a6 {[#]} (19... Nc5 $11 {remains equal.}) 20. cxd5 (20. Bxe4 $1 $16 {And now cxd5 would win.} axb5 21. cxd5) 20... Rxc1 $11 21. Rxc1 Rxd5 $2 {[#]} (21... axb5 $11 22. Bxe4 Bxd5) 22. Nd4 $1 $16 ({Much weaker is} 22. Bxe4 $6 Rxb5 23. Rd1 Rc5 $11) ({Stronger than} 22. Qxe4 Rd1+ 23. Rxd1 Bxe4 $17) 22... Nc5 23. Bxd5 Bxd5 24. h4 Nd7 (24... Bb7 $16 25. Nc2 a5) 25. f4 Nc5 26. Kh2 h6 27. Nc2 Qb7 28. Ne1 (28. Ne3 $18) 28... Be7 29. Bd4 Be4 30. b4 Nd7 31. a3 Kh7 (31... a5 $142 32. Qc4 Kh7) 32. Nd3 $18 Bf3 33. Qe3 Bd8 34. Nf2 b5 35. Nd3 Qd5 36. Rf1 Bg2 37. Rf2 Be4 38. Nc5 Bf5 $2 (38... Nxc5 {was called for.} 39. Bxc5 Qc4) 39. Nxd7 Qxd7 40. Bc5 Qc6 41. Rd2 Bc7 42. Rd4 h5 43. Qe2 Kh6 $2 (43... Bg4 44. Qd3+ Bf5) 44. Qg2 {Accuracy: White = 85%, Black = 62%.} 1-0